000 00636nam a2200217 a 4500
001 68858
003 BD-RjUL
005 20211209081822.0
008 170406r19581938enka 001 0 eng d
035 _a(BD-RjUL)69069
040 _aNLRL
_beng
_cNLRL
_dBD-RjUL
041 _aeng
082 0 4 _a610
_223
_bHUH 1955
100 1 _aHutton, S. King.
_9204043
245 1 4 _aThe household doctor /
_cby S. King Hutton.
260 _aLondon :
_bEnglish Universities Press,
_c1938, [impression 1955]
300 _a224 p. :
_bill. ;
_c18 cm.
500 _aIncludes index.
650 0 _aMedicine
_xHandbooks, manuals, etc.
_9204044
942 _2ddc
_cBK
999 _c68858
_d68858